000 00806nam a2200193 a 4500
001 000045960
005 20251120073733.0
008 150603s2015 dr a 000 0 spa d
020 _a9789945879049
040 _aDO-SdBNP
_bspa
_cBNPHU
082 _axxxx
_bxxxx
100 1 _aMichelén Embarek, Jesús Elías
_972774
245 1 0 _aSegundo estudio de percepción de la responsabilidad social empresarial (RSE) y sostenibilidad en República Dominicana /
_cJesús Elias Michelén Embarek.
260 _aSanto Domingo :
_bPUCMM,
_bOPERSE,
_c2015.
300 _a133 p. :
_bil. ;
_c28 cm.
504 _aBibliografía : p. 133
710 2 2 _aPontificia Universidad Católica Madre y Maestra
_9843
710 2 2 _aObservatorio Permanente de Ética y Responsabilidad Social en la República Dominicana(OPERSE).
_974034
999 _c45449
_d45449